How Well Do You Know The Merrell Twins? - Statistics

General Stats
  • This quiz has been taken 694 times
  • The average score is 5 of 15
Answer Stats
Question Answer % Correct
Who is older? Veronica
96%
Who had/has a boyfriend? Vanessa
80%
What are their names? Veronica and Vanessa
61%
What are their nicknames? Roni and Nessa
60%
Who are the parents? Paul and Wendy
48%
Are they identical? (Yes, no, kind of) Kind of
44%
When were they born? (Type in as: M/D/Y) August 6 1996
36%
Which year did they start their Youtube Channel? 2013
33%
What is the birth sign? Leo
31%
What is their 1st song ever? Beautiful Disaster
15%
What's her boyfriend's name? Aaron Van Wormer
13%
What's their Intro? (Hey.......) Hey guys, I'm Veronica, I'm Vanessa.
9%
Where did they move to in 2013? Los Angeles, California
9%
Where were they born? Kansas City, MO
5%
What are they known as? (YouTube, Act, Comedy, Sing, Write Songs) YouTubers, actresses, comedians, singers, and songwriters.
2%
No matching quizzes found
Score Distribution
Percent of People with Each Score
Percentile by Number Answered
Your Score History
You have not taken this quiz